000 01006nam a2200277 a 4500
001 642
003 BR-CuiBMT
005 20231127201437.0
008 231111s2007 rjb 001 0 por d
020 _a9788571477384 (v.1)
020 _a9788571476141 (v.4)
040 _aBR-CuiBMT
_cBR-CuiBMT
080 _22007
_a346.15:336.2
090 _a346.15:336.2
_bT693t
100 1 _aTorres, Ricardo Lobo
_d1935-
245 1 0 _aTratado de direito constitucional financeiro e tributário
_cRicardo Lobo Torres.
260 _aRio de Janeiro :
_bRenovar,
_c2007-2009
504 _aInclui bibliografia e índice.
505 0 _av.1. Constituição Financeira - Sistema tributário e Estado fiscal -- v. 4. Os tributos na constituição.
650 _aDireito financeiro e tributário
_zBrasil
650 _aDireito constitucional
650 _aCapacidade contributiva (direito tributário)
_zBrasil
650 _aIgualdade perante a lei
_zBrasil
650 _aOrçamento
_xLegislação
_zBrasil
942 _2udc
_cLV
999 _c642
_d642